| 000 | 00330nam a22001457a 4500 | ||
|---|---|---|---|
| 027 | _qHB. | ||
| 040 | _cFIZZA ISHAQ | ||
| 082 |
_a624.1823 _bROG |
||
| 100 |
_aFREDERICK, ROGER. _989108 |
||
| 245 | _aSTRUCTURAL STEEL DESIGNER,S / | ||
| 250 | _a5th ED. | ||
| 260 |
_aNEW DEHLI ; _c2011. |
||
| 300 | _a416 P. ; | ||
| 942 |
_2ddc _cBK |
||
| 999 |
_c587943 _d587943 |
||